Adjectives - Statistics

General Stats
  • This quiz has been taken 6 times
  • The average score is 19 of 31
Answer Stats
Hint Answer % Correct
grande big
100%
facil easy
100%
duro, dificil hard
100%
velho, antigo old
100%
quieto, silencioso quiet
100%
rapido fast
83%
novo new
83%
bonita pretty
83%
curto, baixo short
83%
alto tall
83%
jovem young
83%
bonito, belo (geral) beautiful
67%
barato cheap
67%
dificil difficult
67%
caro expensive
67%
bonito (homem) handsome
67%
alto (som) loud
67%
rico rich
67%
pequeno small
67%
gordo fat
50%
pobre poor
50%
devagar, lento slow
50%
feio ugly
50%
limpo clean
33%
sujo dirty
33%
magro, fino thin
33%
pesado heavy
17%
casado married
17%
barulhento noisy
17%
solteiro, unici single
17%
macio, mole soft
17%
No matching quizzes found
Score Distribution
Percent of People with Each Score
Percentile by Number Answered
Your Score History
You have not taken this quiz